000 00336nam a2200157Ia 4500
001 5834
003 11639
005 20240712155354.0
008 ||||||n9999 ||| || ||
100 _aChambrun, Charles de
_910161
245 0 _aL'sprit de la diplomatie
562 _e1
942 _cBKM
999 _c5834
_d5834
526 _a51868
526 _a1697